000 00422nam a22001455i 4500
001 171753
003 ES-MaACL
005 20230906214724.0
008 090527s1970 sp |||| | spa d
100 1 _aSolet, Bertrand.
_9140386
245 1 4 _aLos rebeldes de Santo Domingo
_b: novela /
_cBertrand Solet.
260 _aBilbao :
_bMensajero,
_c[1970]
300 _a227 p. ;
_c21 cm.
852 _aES-MaACL
_jC-39379
_9R.76389
999 _c171753
_d171753